| 000 | nam a22 7a 4500 | ||
|---|---|---|---|
| 999 |
_c129002 _d129002 |
||
| 008 | 190214b xxu||||| |||| 00| 0 eng d | ||
| 050 | _aBX1959.3.F6 C38 | ||
| 245 |
_aCatechisme de l'eglise Catholique _cCatholic Church |
||
| 260 |
_aFrance _bMame/Plon _c1992 |
||
| 300 |
_a800p. ; _c18cm. |
||
| 650 |
_acatholic Church _xCatechism (French) _944646 |
||
| 710 |
_aCatholic Church _944647 |
||
| 942 |
_2lcc _cMONOGRAPH |
||